[Event "German Bundesliga 2021-22"]
[Site "Germany"]
[Date "2022.03.06"]
[Round "2.14"]
[White "Fauth, Dietmar"]
[Black "Van Wely, Loek"]
[Result "0-1"]
[WhiteElo "2188"]
[BlackElo "2612"]
[Annotator "TA"]
[PlyCount "42"]
[EventDate "2022.03.05"]
[EventType "team-tourn"]
[EventCountry "GER"]
[SourceTitle "playchess.com"]
[Source "ChessBase"]
[SourceQuality "1"]

{[%evp 14,42,-7,-14,-14,-20,-14,-33,-35,-26,-25,-20,0,0,-11,-95,187,189,252,236,222,-136,-144,-382,-379,-387,-382,-468,-464,-543,-545]} 1. e4 c5 2. d4 cxd4 3. c3 dxc3 4. Nxc3 Nc6 5. Nf3 e6 6. Bc4 a6 7. O-O Nge7 8. Bg5 h6 {B21: Sicilian: 2 f4 and Morra Gambit.} 9. Be3 b5 10. Bb3 {[%cal Oc3d5]} Bb7 {Black is slightly better.} 11. Re1 Na5 12. Bd5 exd5 13. exd5 d6 $1 {[#] aiming for ...Nc4.} (13... b4 $2 14. Na4 Nc4 15. d6 $18) 14. Bf4 $146 (14. b3 $1 $11 {keeps the balance.}) ({Predecessor:} 14. b3 f5 15. Nd4 Kf7 16. Ne6 Qd7 17. Bb6 b4 18. Na4 Nxb3 19. axb3 Nxd5 20. Bd4 {½-½ (41) Flude,D (2145)-Balutescu,M (2323) ICCF email 2018}) 14... Qd7 $2 {[%mdl 8192]} (14... Nc4 $17 {and life is bright. Hoping for ...g5.} 15. b3 g5 $1 16. bxc4 Bg7) 15. Ne4 $18 Nc4 (15... Bxd5 $2 16. Nxd6+ (16. Nf6+ $2 gxf6 17. Qxd5 Rd8 $19) 16... Qxd6 17. Bxd6 $18) (15... Kd8 $142) 16. b3 f5 {[#]} 17. bxc4 $2 (17. Nxd6+ $1 $18 {[%mdl 512]} Nxd6 18. Ne5) 17... fxe4 $17 18. Nd4 (18. Rxe4 $17 {was the only chance.} Kf7 19. Re6) 18... bxc4 $19 19. Rxe4 {Black must now prevent Qh5+.} Kf7 20. Re6 Nxd5 21. Qg4 Kg8 {Weighted Error Value: White=0.62/Black=0.42} 0-1

[Event "German Bundesliga 2021-22"]
[Site "Germany"]
[Date "2022.03.06"]
[Round "2.15"]
[White "Handke, Florian"]
[Black "Mueller, Werner"]
[Result "1-0"]
[WhiteElo "2539"]
[BlackElo "2218"]
[Annotator "ChessBase"]
[PlyCount "55"]
[EventDate "2022.03.05"]
[EventType "team-tourn"]
[EventCountry "GER"]
[SourceTitle "playchess.com"]
[Source "ChessBase"]
[SourceQuality "1"]
[TimeControl "40/5400+30:1800+30"]

1. e4 {[%emt 0:00:00]} c5 {[%emt 0:00:00]} 2. Nf3 {[%emt 0:00:00]} d6 {[%emt 0:00:00]} 3. c3 {[%emt 0:00:00]} Nf6 {[%emt 0:00:00]} 4. Bd3 {[%emt 0:00:00]} g6 {[%emt 0:00:00]} 5. O-O {[%emt 0:00:00]} Bg7 {[%emt 0:00:00]} 6. Re1 {[%emt 0:00:00]} Nc6 {[%emt 0:00:00]} 7. Bb5 {[%emt 0:00:00]} O-O {[%emt 0:01:56]} 8. h3 {[%emt 0:00:00]} a6 {[%emt 0:01:33]} 9. Bxc6 {[%emt 0:00:11]} bxc6 {[%emt 0:00:05]} 10. d3 {[%emt 0:05:03]} Qc7 {[%emt 0:06:42]} 11. Nbd2 {[%emt 0:01:39]} a5 {[%emt 0:07:54]} 12. e5 {[%emt 0:19:51]} Nd5 {[%emt 0:03:14]} 13. Ne4 {[%emt 0:05:52]} dxe5 {[%emt 0:19:34]} 14. Nxc5 {[%emt 0:00:19]} Nf4 {[%emt 0:10:45]} 15. Bxf4 {[%emt 0:01:45]} exf4 {[%emt 0:00:09]} 16. d4 {[%emt 0:00:41]} Re8 {[%emt 0:09:29]} 17. Ne5 {[%emt 0:08:46]} Rb8 {[%emt 0:04:03]} 18. Ned3 {[%emt 0:05:01]} g5 {[%emt 0:05:33]} 19. Qh5 {[%emt 0:01:39]} h6 {[%emt 0:05:55]} 20. h4 {[%emt 0:04:55]} gxh4 {[%emt 0:05:43]} 21. Ne5 {[%emt 0:03:33]} Rf8 {[%emt 0:01:20]} 22. b3 {[%emt 0:02:02]} Rb5 {[%emt 0:00:38]} 23. a4 {[%emt 0:01:23]} Rxc5 {[%emt 0:04:40]} 24. dxc5 {[%emt 0:00:05]} Be6 {[%emt 0:06:55]} 25. Rad1 {[%emt 0:04:03]} Kh7 {[%emt 0:01:03]} 26. Rd4 {[%emt 0:05:31]} h3 {[%emt 0:02:35]} 27. Rxf4 {[%emt 0:03:20]} Rg8 {[%emt 0:01:34]} 28. Rxf7 {[%emt 0:00:46]} 1-0

[Event "German Bundesliga 2021-22"]
[Site "Germany"]
[Date "2022.03.16"]
[Round "2.15"]
[White "Heinemann, Thies"]
[Black "Meessen, Rudolf"]
[Result "1-0"]
[WhiteElo "2495"]
[BlackElo "2239"]
[Annotator "ChessBase"]
[PlyCount "59"]
[EventDate "2022.03.05"]
[EventType "team-tourn"]
[EventCountry "GER"]
[TimeControl "40/5400+30:1800+30"]

1. e4 {[%emt 0:00:00]} d6 {[%emt 0:00:00]} 2. d4 {[%emt 0:00:00]} Nf6 {[%emt 0:00:00]} 3. Nc3 {[%emt 0:00:00]} e5 {[%emt 0:00:00]} 4. Nf3 {[%emt 0:00:00]} exd4 {[%emt 0:00:00]} 5. Nxd4 {[%emt 0:00:00]} Be7 {[%emt 0:00:00]} 6. g3 {[%emt 0:00:00]} O-O {[%emt 0:00:00]} 7. Bg2 {[%emt 0:00:00]} Re8 {[%emt 0:00:00]} 8. O-O {[%emt 0:00:00]} Bf8 {[%emt 0:00:00]} 9. h3 {[%emt 0:05:51]} Nbd7 {[%emt 0:00:00]} 10. Re1 {[%emt 0:03:20]} c6 {[%emt 0:00:07]} 11. Bf4 {[%emt 0:07:26]} Ne5 {[%emt 0:03:19]} 12. Rb1 {[%emt 0:07:19]} b5 {[%emt 0:13:30]} 13. Nxc6 {[%emt 0:17:02]} Nxc6 {[%emt 0:11:52]} 14. e5 {[%emt 0:00:09]} dxe5 {[%emt 0:18:18]} 15. Qxd8 {[%emt 0:11:17]} Nxd8 {[%emt 0:00:09]} 16. Bxa8 {[%emt 0:00:09]} exf4 {[%emt 0:00:10]} 17. Rxe8 {[%emt 0:00:14]} Nxe8 {[%emt 0:00:07]} 18. Rd1 {[%emt 0:04:07]} Nd6 {[%emt 0:09:01]} 19. Nxb5 {[%emt 0:05:46]} N6b7 {[%emt 0:09:55]} 20. Nxa7 {[%emt 0:04:08]} Bxh3 {[%emt 0:00:59]} 21. Nc6 {[%emt 0:01:19]} Nxc6 {[%emt 0:12:45]} 22. Bxb7 {[%emt 0:00:16]} Bg4 {[%emt 0:00:36]} 23. Rd5 {[%emt 0:14:10]} Ne7 {[%emt 0:05:47]} 24. Rd8 {[%emt 0:04:48]} fxg3 {[%emt 0:06:39]} 25. a4 {[%emt 0:00:36]} f5 {[%emt 0:05:54]} 26. a5 {[%emt 0:00:53]} Be2 {[%emt 0:00:04]} 27. fxg3 {[%emt 0:02:19]} Bb5 {[%emt 0:00:46]} 28. a6 {[%emt 0:01:51]} Bc6 {[%emt 0:00:01]} 29. b4 {[%emt 0:01:44]} Kf7 {[%emt 0:03:58]} 30. b5 {[%emt 0:01:29]} 1-0

[Event "German Bundesliga 2021-22"]
[Site "Germany"]
[Date "2022.03.06"]
[Round "2.15"]
[White "Froewis, Georg"]
[Black "Hess, Max"]
[Result "1/2-1/2"]
[WhiteElo "2449"]
[BlackElo "2395"]
[Annotator "NA"]
[PlyCount "89"]
[EventDate "2022.03.05"]
[EventType "team-tourn"]
[EventCountry "GER"]
[SourceTitle "playchess.com"]
[Source "ChessBase"]
[SourceQuality "1"]
[TimeControl "40/5400+30:1800+30"]

1. d4 {[%emt 0:00:00]} d5 {[%emt 0:00:00]} 2. c4 {[%emt 0:00:00]} e6 {[%emt 0:00:00]} 3. Nf3 {[%emt 0:00:00]} Nf6 {[%emt 0:00:00]} 4. g3 {[%emt 0:00:00]} dxc4 {[%emt 0:00:00]} 5. Bg2 {[%emt 0:00:00]} c5 {[%emt 0:00:00]} 6. O-O {[%emt 0:00:00]} Nc6 {[%emt 0:00:00]} 7. dxc5 {[%emt 0:03:17]} Qxd1 {[%emt 0:00:00]} 8. Rxd1 {[%emt 0:00:05]} Bxc5 {[%emt 0:00:00]} 9. Nbd2 {[%emt 0:00:12]} c3 {[%emt 0:00:00]} 10. bxc3 {[%emt 0:00:06]} O-O {[%emt 0:00:00]} 11. Nb3 {[%emt 0:00:34]} Be7 {[%emt 0:00:00]} 12. Nfd4 {[%emt 0:05:15]} Nxd4 {[%emt 0:00:00]} 13. cxd4 {[%emt 0:04:32]} Nd5 {[%emt 0:00:00]} 14. Bd2 {[%emt 0:03:35]} f5 {[%emt 0:00:00]} 15. Na5 {[%emt 0:11:16]} b6 {[%emt 0:00:00]} 16. Nc6 {[%emt 0:00:37]} Bf6 {[%emt 0:00:00]} 17. Bb4 {[%emt 0:07:45]} Re8 {[%emt 0:17:19]} 18. Rac1 {[%emt 0:03:38]} Bb7 {[%emt 0:07:27]} 19. Be1 {[%emt 0:07:06]} Rec8 {[%emt 0:20:01]} 20. Ne5 {[%emt 0:04:19]} Be7 {[%emt 0:06:31]} 21. e4 {[%emt 0:05:42]} Nf6 {[%emt 0:12:38]} 22. d5 {[%emt 0:10:25]} exd5 {[%emt 0:02:25]} 23. exf5 {[%emt 0:03:12]} Ba3 {[%emt 0:02:05]} 24. Rb1 {[%emt 0:02:51]} Rc2 {[%emt 0:02:31]} 25. Nd3 {[%emt 0:05:20]} Re8 {[%emt 0:05:12]} 26. Nf4 {[%emt 0:01:52]} Re5 {[%emt 0:03:20]} 27. Rb3 {[%emt 0:05:48]} Rxa2 {[%emt 0:04:40]} 28. Bc3 {[%emt 0:04:01]} Rxf5 {[%emt 0:14:00]} 29. Bh3 {[%emt 0:02:22]} Rxf4 {[%emt 0:00:19]} 30. Be6+ {[%emt 0:03:11]} Kf8 {[%emt 0:00:15]} 31. gxf4 {[%emt 0:00:04]} Bc5 {[%emt 0:00:44]} 32. Bb2 {[%emt 0:03:51]} Ke7 {[%emt 0:01:41]} 33. Bf5 {[%emt 0:01:32]} Ne4 {[%emt 0:03:08]} 34. Kg2 {[%emt 0:01:31]} g6 {[%emt 0:00:50]} 35. Bxe4 {[%emt 0:01:41]} dxe4 {[%emt 0:00:02]} 36. Kg3 {[%emt 0:00:33]} Ke6 {[%emt 0:01:10]} 37. Bd4 {[%emt 0:01:07]} Bd5 {[%emt 0:00:31]} 38. Rc3 {[%emt 0:01:06]} Bd6 {[%emt 0:01:12]} 39. Rc8 {[%emt 0:00:44]} g5 {[%emt 0:00:23]} 40. Be3 {[%emt 0:00:42]} gxf4+ {[%emt 0:00:33]} 41. Bxf4 {[%emt 0:30:10]} Bxf4+ {[%emt 0:00:00]} 42. Kxf4 {[%emt 0:00:00]} Rxf2+ {[%emt 0:00:00]} 43. Ke3 {[%emt 0:00:00]} Rxh2 {[%emt 0:00:00]} 44. Re8+ {[%emt 0:00:00]} Kf7 {[%emt 0:00:00]} 45. Rc8 {[%emt 0:00:00]} 1/2-1/2

[Event "German Bundesliga 2021-22"]
[Site "Germany"]
[Date "2022.03.06"]
[Round "2.15"]
[White "Rezasade, Amir"]
[Black "Movsesian, Sergei"]
[Result "1-0"]
[WhiteElo "2334"]
[BlackElo "2606"]
[Annotator "TA"]
[PlyCount "123"]
[EventDate "2022.03.05"]
[EventType "team-tourn"]
[EventCountry "GER"]
[SourceTitle "playchess.com"]
[Source "ChessBase"]
[SourceQuality "1"]

{[%evp 14,123,0,-10,0,-29,-26,-38,-33,-69,-22,-26,-28,-67,-26,-65,-60,-65,-76,-89,-47,-85,-89,-89,-84,-80,-87,-103,-88,-88,-86,-87,-78,-86,-83,-81,-81,-79,-78,-122,-141,-121,-83,-160,-100,-232,-203,-259,-240,-202,-229,-320,-108,-95,-115,-94,-21,-21,-24,-108,-104,-107,-70,-102,0,-195,0,0,433,397,459,454,431,359,383,334,347,0,0,0,0,0,0,0,0,0,0,0,0,0,0,0,0,0,0,0,0,0,0,0,0,0,0,0,0,0,0,0,29988,29989,29989,29990]} 1. Nf3 Nf6 2. g3 d5 3. Bg2 c6 4. O-O Bf5 5. d4 e6 6. Nbd2 h6 7. Re1 Nbd7 8. c4 Be7 {D11: Slav Defence: 3 Nf3 sidelines and 3...Nf6 4 e3 Bg4.} 9. Qb3 Qb6 10. c5 Qc7 {Black is slightly better.} 11. Nf1 O-O (11... b6 $15 {should be considered.} 12. Bf4 Qc8) 12. Bf4 $11 Qc8 {[#]} 13. Ne5 $146 ({Predecessor:} 13. Rac1 Bh7 14. N1d2 Re8 15. Qa3 a5 16. Qa4 Nh5 17. Be3 Qb8 18. Rc3 Bd8 19. Ne5 Nxe5 20. dxe5 Qxe5 {1-0 (60) Bayramov,E (2176)-Mirzoev,A (2551) Baku 2017}) 13... Re8 (13... g5 $15 14. Nxd7 Qxd7) 14. Rad1 b6 15. cxb6 axb6 16. Nxd7 Nxd7 (16... Qxd7 $17 17. Ne3 Bg6) 17. Ne3 Bh7 {Hoping for ...g5.} 18. Ng4 c5 19. e4 c4 20. Qe3 {[%cal Of4h6]} dxe4 21. Bxe4 Bxe4 (21... Rxa2 $6 22. Bxh7+ Kxh7 23. d5 $11) 22. Qxe4 Bf8 23. Qb1 b5 24. a3 Qb7 25. h4 Nb6 26. Qc1 (26. Qc2 $142) 26... Nd5 $17 {[%cal Oc4c3]} 27. Bd2 {Inhibits c3.} Rac8 28. Re5 (28. Ne5 $142) 28... Ne7 ({Better is} 28... f5 29. Ne3 Bd6 30. Nxd5 Bxe5 31. dxe5 exd5) 29. Bxh6 f5 $19 30. Bxg7 Bxg7 31. Nh6+ Kh7 32. Rxe6 Ng8 $2 (32... Rc6 33. Rde1 Rxe6 34. Rxe6 $15) (32... Nd5 $19 {and Black stays clearly on top.} 33. Rde1 Rxe6 34. Rxe6 Qd7) 33. Rxe8 $17 Bxh6 34. Re3 Bxe3 (34... Ne7 $1 $17 {[%cal Re7d5] Threatens to win with ...Nd5.} 35. Rxe7+ (35. f4 Nd5 $17) 35... Qxe7) 35. Qxe3 $11 Qe4 36. Qd2 (36. Qc3 $1 $11) 36... Re8 $1 $17 37. d5 Nf6 {And now ...Qf3 would win.} 38. d6 Nd7 ({Black should try} 38... Qf3 $1 $17 {White must now prevent ...Ne4.} 39. d7 Rd8) 39. Qa5 $2 (39. Qd5 $11 Kg7 40. Qxe4 (40. Qxb5 Ne5 $11) 40... Rxe4 41. Rd5) 39... Qf3 $2 (39... Qg4 $1 $19 {[%cal Rg4d1]} 40. Qd2 Re2) 40. Re1 $11 Rxe1+ {[%mdl 8192]} (40... Re2 $11 {and Black stays safe.} 41. Rxe2 Qxe2) 41. Qxe1 $18 {Qe7+ is the strong threat.} Qe4 42. Qxe4 fxe4 {[%mdl 4096] Endgame KN-KP} 43. Kf1 Kg6 44. Ke2 Kf5 45. Ke3 $2 (45. h5 $1 $18) 45... Ke5 $11 46. g4 Nf6 47. f4+ exf3 48. Kxf3 Kxd6 49. g5 Nd5 50. h5 Ke6 51. h6 {aiming for h7.} Kf7 52. Ke4 c3 53. bxc3 (53. Kxd5 cxb2 54. h7 Kg7 55. Kc6 b1=Q 56. g6 Qxg6+ 57. Kxb5 Qc2 58. Ka5 Qc5+ 59. Ka4 Qc4+ 60. Ka5 Qb3 61. h8=R Kxh8 62. a4 Kg7 63. Ka6 Kf8 64. Ka5 Ke7 65. Ka6 Kd6 66. Ka5 Kc7 67. Ka6 Qxa4#) 53... Nxc3+ {KN-K3P} 54. Kf5 {Strongly threatening g6+.} Nd5 55. g6+ Kg8 56. Ke6 Nf4+ 57. Kf5 Nd5 58. Ke5 b4 59. axb4 (59. Kxd5 {gets mated.} bxa3 60. Ke4 a2 61. Ke3 a1=Q 62. Kd3 Qa6+ 63. Ke3 Qxg6 64. Kd4 Qxh6 65. Kc3 Qe3+ 66. Kb2 Kf7 67. Kb1 Ke6 68. Kb2 Kd5 69. Ka2 Qd2+ 70. Ka1 Kc4 71. Kb1 Kb3 72. Ka1 Qe1#) 59... Nxb4 60. Ke6 {White wants to mate with h7+.} Nd3 $2 {[%mdl 8192] [#]} (60... Nc6 $11) 61. Kf6 $1 Kh8 {[#]} 62. h7 $1 {What a fight!  Weighted Error Value: White=0.31/Black=0.42} 1-0

[Event "German Bundesliga 2021-22"]
[Site "Germany"]
[Date "2022.03.06"]
[Round "2.16"]
[White "Doettling, Fabian"]
[Black "Hoenig, Alexander"]
[Result "1-0"]
[WhiteElo "2587"]
[BlackElo "2209"]
[Annotator "TA"]
[PlyCount "71"]
[EventDate "2022.03.05"]
[EventType "team-tourn"]
[EventCountry "GER"]
[SourceTitle "playchess.com"]
[Source "ChessBase"]
[SourceQuality "1"]

{[%evp 12,71,40,29,40,29,33,27,49,47,60,37,79,72,102,53,64,51,54,45,43,53,90,54,147,140,141,123,157,147,198,150,372,363,512,522,508,508,643,636,683,617,694,699,775,775,760,722,884,913,1108,1097,1112,1112,942,929,2235,1986,2917,2749,2109,1864]} 1. d4 d5 2. c4 c6 3. Nf3 Nf6 4. e3 a6 5. Nc3 e6 6. Qc2 Nbd7 7. b3 b6 {D45: Semi-Slav: 5 e3.} 8. Bd3 Bb7 9. O-O {[#]} Bb4 $146 {White has an edge.} ({Predecessor:} 9... Bd6 10. e4 dxe4 11. Nxe4 Nxe4 12. Bxe4 Nf6 13. Bg5 h6 14. Bxf6 Qxf6 15. c5 bxc5 16. dxc5 {½-½ (62) Tang,A (2326)-Zierk,S (2485) Philadelphia 2015}) 10. Bb2 Qe7 11. a3 dxc4 12. bxc4 $16 ({Of course not} 12. axb4 cxd3 13. Qxd3 O-O $11) (12. Bxc4 Bd6 $11) 12... Bxc3 13. Qxc3 ({White should try} 13. Bxc3 $16 c5 14. Ne5) 13... c5 $14 14. Nd2 {White is more active.} O-O 15. a4 a5 16. Rfd1 Rfe8 17. Bf1 {[%cal Od4d5]} e5 (17... cxd4 $14 18. exd4 Qb4) 18. d5 $16 e4 19. Rab1 Qd6 20. h3 Re5 (20... Re7 $16 {is a better defense.} 21. Qc2 Rae8) 21. Qb3 (21. Qc2 $18) 21... Rg5 $2 {[#] Black cannot hold the game after this.} (21... Re7 $16 22. Be2 Ne8) 22. Bxf6 $18 gxf6 (22... Nxf6 $142 23. Qxb6 Qxb6 24. Rxb6 Bc8) 23. Nxe4 {White is clearly winning.} Qe5 24. Nxg5 Qxg5 25. Qc2 Kh8 26. f4 Qh6 27. Bd3 Rg8 28. Bf5 Bc8 29. Qf2 Qh5 30. e4 b5 31. cxb5 {[%cal Bc4b5,Bb5b6,Bb6b7][%mdl 32]} Nb6 32. Bxc8 Rxc8 33. Rdc1 Nxa4 34. b6 Qh6 35. b7 Rb8 36. Rc4 {Weighted Error Value: White=0.13 (very precise) /Black=0.50} 1-0

[Event "German Bundesliga 2021-22"]
[Site "Germany"]
[Date "2022.03.06"]
[Round "2.16"]
[White "Seyb, Alexander"]
[Black "Radovanovic, Nikola"]
[Result "1-0"]
[WhiteElo "2427"]
[BlackElo "2419"]
[Annotator "NA"]
[PlyCount "77"]
[EventDate "2022.03.05"]
[EventType "team-tourn"]
[EventCountry "GER"]
[SourceTitle "playchess.com"]
[Source "ChessBase"]
[SourceQuality "1"]
[TimeControl "40/5400+30:1800+30"]

1. e4 {[%emt 0:00:00]} c5 {[%emt 0:00:00]} 2. Nf3 {[%emt 0:00:00]} Nc6 {[%emt 0:00:00]} 3. d4 {[%emt 0:00:00]} cxd4 {[%emt 0:00:00]} 4. Nxd4 {[%emt 0:00:00]} e5 {[%emt 0:00:00]} 5. Nb5 {[%emt 0:00:00]} d6 {[%emt 0:00:00]} 6. N1c3 {[%emt 0:00:00]} a6 {[%emt 0:00:00]} 7. Na3 {[%emt 0:00:00]} Be6 {[%emt 0:00:00]} 8. Nc4 {[%emt 0:02:47]} Rb8 {[%emt 0:00:00]} 9. g3 {[%emt 0:05:57]} h5 {[%emt 0:12:16]} 10. h4 {[%emt 0:10:39]} g6 {[%emt 0:11:07]} 11. Nd5 {[%emt 0:13:07]} Bxd5 {[%emt 0:13:24]} 12. exd5 {[%emt 0:00:12]} Nce7 {[%emt 0:00:59]} 13. a4 {[%emt 0:03:16]} Bh6 {[%emt 0:04:42]} 14. Bxh6 {[%emt 0:06:23]} Nxh6 {[%emt 0:00:51]} 15. a5 {[%emt 0:00:48]} Nhf5 {[%emt 0:18:33]} 16. c3 {[%emt 0:11:45]} Rc8 {[%emt 0:02:17]} 17. Nb6 {[%emt 0:06:16]} Rc5 {[%emt 0:02:09]} 18. Qa4+ {[%emt 0:00:35]} Kf8 {[%emt 0:00:23]} 19. Nd7+ {[%emt 0:00:13]} Kg7 {[%emt 0:00:12]} 20. Nxc5 {[%emt 0:00:08]} dxc5 {[%emt 0:00:02]} 21. Bg2 {[%emt 0:08:55]} Nd6 {[%emt 0:02:05]} 22. b4 {[%emt 0:02:27]} c4 {[%emt 0:05:46]} 23. Qc2 {[%emt 0:04:00]} Nef5 {[%emt 0:02:41]} 24. O-O-O {[%emt 0:05:41]} b6 {[%emt 0:05:47]} 25. Qa4 {[%emt 0:03:32]} Nb5 {[%emt 0:04:26]} 26. Kb2 {[%emt 0:00:24]} bxa5 {[%emt 0:01:42]} 27. Qxa5 {[%emt 0:00:27]} Qf6 {[%emt 0:01:44]} 28. Rc1 {[%emt 0:01:02]} Nfd4 {[%emt 0:04:23]} 29. cxd4 {[%emt 0:00:19]} c3+ {[%emt 0:01:26]} 30. Kb1 {[%emt 0:05:03]} exd4 {[%emt 0:00:33]} 31. Be4 {[%emt 0:03:49]} Qxf2 {[%emt 0:02:35]} 32. Qa2 {[%emt 0:00:11]} Qxg3 {[%emt 0:02:14]} 33. Qxa6 {[%emt 0:00:32]} Qe3 {[%emt 0:02:48]} 34. Rhe1 {[%emt 0:01:03]} Qd2 {[%emt 0:01:32]} 35. Bc2 {[%emt 0:00:02]} Nc7 {[%emt 0:00:51]} 36. Qc4 {[%emt 0:01:25]} Rb8 {[%emt 0:00:30]} 37. Rcd1 {[%emt 0:01:15]} Nxd5 {[%emt 0:00:26]} 38. Rxd2 {[%emt 0:00:24]} cxd2 {[%emt 0:00:06]} 39. Qxd4+ {[%emt 0:00:16]} 1-0

[Event "German Bundesliga 2021-22"]
[Site "Germany"]
[Date "2022.03.16"]
[Round "2.16"]
[White "Lamby, Philipp"]
[Black "Rogozenco, Dorian"]
[Result "1/2-1/2"]
[WhiteElo "2151"]
[BlackElo "2439"]
[Annotator "TA"]
[PlyCount "58"]
[EventDate "2022.03.05"]
[EventType "team-tourn"]
[EventCountry "GER"]

{[%evp 16,58,7,-9,0,0,0,0,0,0,0,0,0,-7,34,20,16,20,10,7,4,6,19,6,15,0,0,0,0,0,0,0,0,0,0,0,0,0,0,0,0,0,0,0,0]} 1. e4 c5 2. c3 d5 3. exd5 Qxd5 4. d4 Nf6 5. Nf3 e6 6. Bd3 Nc6 7. O-O Be7 8. Be3 O-O 9. c4 Qd7 {B22: Sicilian: 2 c3.} 10. Ne5 Qc7 11. Nxc6 Qxc6 {[#]} 12. dxc5 $146 ({Predecessor:} 12. Nc3 b6 13. d5 exd5 14. cxd5 Qd7 15. Bf4 Bb7 16. Bb5 Qf5 17. d6 Qxf4 18. dxe7 {1-0 (37) Craciun,P (2136)-Traistaru,T (2144) Amara 2007}) 12... Bxc5 13. Bxc5 Qxc5 14. Nc3 e5 (14... Bd7 $11) 15. Qc2 {[%cal Oc3d5]} Be6 {The position is equal.} 16. b3 h6 17. Bf5 Bxf5 18. Qxf5 Rad8 19. Rfe1 Rfe8 20. Rad1 Qa5 21. Ne4 Nxe4 22. Qxe4 Qxa2 23. Rxd8 Rxd8 24. Qxb7 $11 {[%mdl 4096] Endgame KQR-KQR} Qe2 {[%cal Re2e1] [#]} 25. Rf1 ({Don't blunder} 25. Qb4 $2 Rd1 26. g4 Rxe1+ $19) 25... Rd1 {[%csl Ge2][%cal Rd1f1]} 26. Qc8+ Kh7 {[%csl Ge2][%cal Rd1f1]} 27. Qf5+ Kg8 {[%csl Ge2][%cal Rd1f1]} (27... Kh8 $5 28. Qc8+ Kh7 29. Qf5+ Kh8 30. Qc8+ Kh7 $11) 28. Qc8+ Kh7 {[%csl Ge2][%cal Rd1f1] [#]} 29. Qf5+ Kg8 {An interesting draw.  Weighted Error Value: White=0.04 (flawless) /Black=0.03 (flawless)} (29... Kh8 $5 30. Qc8+ Kh7 $11) 1/2-1/2

[Event "German Bundesliga 2021-22"]
[Site "Germany"]
[Date "2022.03.06"]
[Round "2.16"]
[White "Pitl, Jarno"]
[Black "Wegerle, Joerg"]
[Result "0-1"]
[WhiteElo "1988"]
[BlackElo "2404"]
[Annotator "NA"]
[PlyCount "22"]
[EventDate "2022.03.05"]
[EventType "team-tourn"]
[EventCountry "GER"]
[SourceTitle "playchess.com"]
[Source "ChessBase"]
[SourceQuality "1"]
[TimeControl "40/5400+30:1800+30"]

1. Nf3 {[%emt 0:00:00]} c5 {[%emt 0:00:00]} 2. g3 {[%emt 0:00:00]} Nc6 {[%emt 0:00:00]} 3. c3 {[%emt 0:00:00]} e5 {[%emt 0:00:00]} 4. e4 {[%emt 0:00:00]} d5 {[%emt 0:04:20]} 5. Qe2 {[%emt 0:00:00]} dxe4 {[%emt 0:17:59]} 6. Qxe4 {[%emt 0:00:00]} Nf6 {[%emt 0:00:08]} 7. Qc2 {[%emt 0:00:00]} e4 {[%emt 0:06:11]} 8. Nh4 {[%emt 0:00:00]} Qd5 {[%emt 0:02:34]} 9. Ng2 {[%emt 0:00:00]} Ne5 {[%emt 0:03:52]} 10. Bb5+ {[%emt 0:03:10]} Bd7 {[%emt 0:00:33]} 11. Bxd7+ {[%emt 0:00:16]} Qxd7 {[%emt 0:00:48]} 0-1